| 000 | 02082nam0a2200397 4500 | ||
|---|---|---|---|
| 001 | RU\NLR\bibl\1023216 | ||
| 005 | 20260406044931.0 | ||
| 010 |
_a5-279-02729-4 _92000 |
||
| 021 |
_aRU _b2006-72570 _93661 |
||
| 035 | _a(nilc)RSL-KNO-002967712 | ||
| 035 | _a(NLR Aleph) 001010734 | ||
| 090 |
_a636844 _c636844 |
||
| 100 | _a20061109d2007 |||y0rusy50 ca | ||
| 101 | 0 | _arus | |
| 102 | _aRU | ||
| 105 | _aa ||||||||| | ||
| 106 | _ar | ||
| 200 | 1 |
_aЭкономика туризма _eучеб. по специальности "Менеджмент орг." _fА.Б. Здоров _gРоссийская междунар. акад. туризма |
|
| 210 |
_aМосква _cФинансы и статистика _d2007 [т.е. 2006] _eВеликие Луки _gВеликолукская городская типография |
||
| 215 |
_a266, [1] с. _cил. _d21 |
||
| 300 | _aКн. фактически изд. в 2006 г. | ||
| 320 | _aБиблиогр.: с. 263-264 | ||
| 606 | 1 |
_aТуризм _jУчебные издания для высших учебных заведений _xЭкономика _91530806 _3RU\NLR\auth\66666526 |
|
| 610 | 0 | _aКультура. Наука. Просвещение -- Физическая культура и спорт -- Туризм -- Российская Федерация -- Экономика -- Учебное пособие для высшей школы | |
| 610 | 0 | _aСоциология -- Социальные процессы -- Социальная коммуникация и интеракция (взаимодействие) -- Учебное пособие для средней школы | |
| 610 | 0 | _aтуризм | |
| 686 |
_aЧ518.14(2Р)8я73-1 _2rubbk |
||
| 686 |
_aС556.74я73-1 _2rubbk |
||
| 686 | _aЧ518.14(0)к | ||
| 700 | 1 |
_4070 _8rus _7ca _aЗдоров _bА. Б. _gАлександр Борисович _3RU\NLR\auth\774709 _9114686 |
|
| 801 | 0 |
_aRU _bРКП _c20061109 _grcr |
|
| 801 | 1 |
_aRU _bРГБ _c20061109 |
|
| 801 | 2 |
_aRU _bNLR _c20061218 _grcr |
|
| 942 | _cBOOK | ||
| 980 | _aNB | ||